00429 am a2200157 a 450000500170000000800410001702000150005804100080007310000200008124500370010125000110013826000280014930000110017750000670018865300160025520231207104551.0100309s1995||||sp # f |||| 001 0 spa d a848174073X aspa1 aFrumento, A. S. aBiofísica / cA. S. Frumento. a3a ed. aMadrid: bMosby;c1995. a599 p. aFrumento, A. S. (1995). Biofísica. (3a ed.). Madrid : Mosby. aBiofísica